Coal mining searches (Record no. 102852)

MARC details
000 -LEADER
fixed length control field 01420cam a2200277 4500
008 - FIXED-LENGTH DATA ELEMENTS--GENERAL INFORMATION
fixed length control field #DATE n2003 000 0 eng u
020 ## - INTERNATIONAL STANDARD BOOK NUMBER
International Standard Book Number 1853289108
035 ## - SYSTEM CONTROL NUMBER
System control number (Sirsi) u122450
041 ## - LANGUAGE CODE
Language code of text/sound track or separate title eng
050 ## - LIBRARY OF CONGRESS CALL NUMBER
Classification number 622.8
-- 18
110 ## - MAIN ENTRY--CORPORATE NAME
Corporate name or jurisdiction name as entry element Coal Authority
9 (RLIN) 3716
245 ## - TITLE STATEMENT
Title Coal mining searches
Remainder of title directory and guidance
250 ## - EDITION STATEMENT
Edition statement 5th ed.
260 ## - PUBLICATION, DISTRIBUTION, ETC.
Place of publication, distribution, etc. London
Name of publisher, distributor, etc. Law Society
Date of publication, distribution, etc. 2003
300 ## - PHYSICAL DESCRIPTION
Extent vi, 80p.
Dimensions 30cm
350 ## - PRICE (NR) (BK AM CF MU VM SE) [OBSOLETE]
Price 19.95
520 ## - SUMMARY, ETC.
Summary, etc. Updated guidance for conveyancers and other property professionals on whether a coal mining search needs to be carried out. The Coal Authority holds and maintains the national coal mining database of areas in the UK where coal mining activity has taken or is still taking place. Their Mining Reports Service provides a property-specific coal mining search service for any property in the UK. Outlines methods available for ordering and receiving mining reports, including through the National Land Information Service and other online services. Includes supporting guidance, information on the currently affected areas and a copy of the new form CON 29M (2003). Also includes directory of affected places and areas.
650 ## - SUBJECT ADDED ENTRY--TOPICAL TERM
Topical term or geographic name entry element COAL MINING AREAS
650 ## - SUBJECT ADDED ENTRY--TOPICAL TERM
Topical term or geographic name entry element COAL MINING SEARCHES
650 ## - SUBJECT ADDED ENTRY--TOPICAL TERM
Topical term or geographic name entry element DIRECTORIES
650 ## - SUBJECT ADDED ENTRY--TOPICAL TERM
Topical term or geographic name entry element MAP
650 ## - SUBJECT ADDED ENTRY--TOPICAL TERM
Topical term or geographic name entry element SUBSIDENCE
690 ## - LOCAL SUBJECT ADDED ENTRY--TOPICAL TERM (OCLC, RLIN)
Topical term or geographic name as entry element MINING AND MINERALS
710 ## - ADDED ENTRY--CORPORATE NAME
Corporate name or jurisdiction name as entry element Law Society of England and Wales
9 (RLIN) 1639
942 ## - ADDED ENTRY ELEMENTS (KOHA)
Suppress in OPAC 0
Holdings
Withdrawn status Lost status Source of classification or shelving scheme Damaged status Not for loan Home library Current library Shelving location Date acquired Cost, normal purchase price Total Checkouts Full call number Barcode Date last seen Copy number Cost, replacement price Price effective from Koha item type
    Dewey Decimal Classification     London London Folio 07/01/2004 16.96   F622.8 COA 30068946 21/02/2024 1 16.96 06/08/2019 Book